000 00879nas a2200253 4500
001 BR2014000994
003 BR-BrBNA
005 20231205123712.0
007 ta
008 230509b bl.|||p| |||| 00| 00por d
040 _aBR-BrBNA
_bpor
_cBiblioteca Nacional de Agricultura
041 _a(Pt)
072 _aL72
100 1 _aSantos, R.B. da S.
100 1 _aDias, M.T.
245 1 _aCélulas sanguíneas e resposta hematológica de Oxydoras niger (PISCES, DORADIDAE)oriundos da Bacia do Médio Rio Solimões, estado do Amazonas (Brasil), naturalmente parasitados
650 _aPEIXE DE ÁGUA DOCE
650 _aHEMATOLOGIA
650 _aPARASITOLOGIA
650 _aAMAZONAS
773 0 _tBoletim do Instituto de Pesca (Brazil)
_xISSN 0046-9939
_g(Oct-Dec 2010), v. 36(4) p. 283-292
_wBR2014000994
909 _a202311
_bLúcia
_c55
_dLúcia Elande
942 _2AGRIS
_n0
_cANA
999 _c235262
_d235262